LEADER 01018nam a2200265 u 4500 001 000000065771 003 CaOOAMICUS 005 20070226121512.0 008 011214s1935 it u000 u ita u 035 $a10914177 040 $aPUL(R)$bita 100 1 $aGuzzo, Augusto,$d1894-1986.$0(OLS)http://pul/name/5601 245 10$aIdealisti ed empiristi :$bsaggi /$cAugusto Guzzo. 260 $aFirenze :$bVallecchi,$c1935. 300 $a277 p. ;$c20 cm 490 1 $aIl pensiero moderno : ;$v30 500 $a"Scritti raccolti in questo volume": p. [9]-10. 504 $aNote bibliografiche. 650 4$aFilosofia italiana.$0(OLS)http://pul/subject/7308 830 3$aIl pensiero moderno ;$v33.$0(OLS)http://pul/title/7875 850 $aPUL 852 $aPUL$W1$xDP2 Filosofia 1$y62$m94 E 11$j85098$nBK-PRI$b $qStampati$B85098$CPULBib$Z2$F85098 $81 941 1 $a8 996 $6245$aIdealisti ed empiristi :$bsaggi$9(OLS)http://pul/title/87437 996 $6260$aFirenze :$bVallecchi$9(OLS)http://pul/publisher/47977 LEADER 01799nam a2200361 a 4500 001 000000145550 003 CaOOAMICUS 005 20150908151803.0 008 150908s1996 it u000 u ita r 020 $z8880651307* 040 $aPUL$bita 100 0 $aIohannes Paulus PP.$bII,$csanto,$d1920-2005.$0(OLS)http://pul/name/1830 245 12$aL'essere e l'agire della donna in Giovanni Paolo II :$bdalla figuralitą iconica all'umano integrale /$cPiersandro Vanzan, Angelo Auletta (a cura) ; presentazione del Card. Carlo Maria Martini. 260 $aRoma :$bAVE,$c©1996. 300 $aVII, 471 p. ;$c23 cm 490 1 $aItinerari ;$v29 504 $aBibliografia in nota a pie' pagina. 650 4$aDonna$xConcezione cristiana.$0(OLS)http://pul/subject/28129 700 1 $aAuletta, Angelo,$d1954-$0(OLS)http://pul/name/92936 700 1 $aVanzan, Piersandro,$cS.I.,$d1934-2011.$0(OLS)http://pul/name/30750 700 1 $aMartini, Carlo Maria,$ccardinale, arcivescovo di Milano,$d1927-2012.$0(OLS)http://pul/name/6653 830 0$aItinerari (AVE) ;$v29.$0(OLS)http://pul/title/82706 850 $aPUL 852 $aPUL$W1$xDP1 Fondo S. Lanza$y121$m3 P 38$j168284$qFondi$B168885$CPULBib$Z2$F168885 $HLan926 $82 900 $aWojtyla, Karol,$cs.,$d1920-2005$91830 900 $aGiovanni Paolo II,$cpapa, s.,$d1920-2005$91830 910 $aPapi (1978-2005 : Iohannes Paulus PP. II)$91830 910 $aPapi (1978-2005 : Iohannes Paulus PP. II)$91830 941 1 $a1 996 $6020$z8880651307*$9(OLS)http://pul/number/158534 996 $6245$aL'essere e l'agire della donna in Giovanni Paolo II :$bdalla figuralitą iconica all'umano integrale$9(OLS)http://pul/title/184067 996 $6260$aRoma :$bAVE$9(OLS)http://pul/publisher/47909